LEADER 01325nam a2200313 i 4500 001 000000169388 003 CaOOAMICUS 005 20220608154931.0 008 080218s1985 it u000 u ita u 013 $a146791 020 $a88-7610-148-9 040 $aSeMil$bita 100 1 $aCenderelli, Guido.$0(OLS)http://semarc/name/63498 245 10$aE io possiederò l'infinito :$bframmenti di vita di un giovane degli anni '50 /$cGuido Cenderelli. 264 1$aMilano :$bÀncora,$c1985. 300 $a224 p., [8] p. di foto ;$c17 cm. 490 1 $aEdificare ;$v3 541 0 $aFondo card. Giovanni Colombo (3F I 535) 650 4$aVita cristiana - Diari e memorie.$0(OLS)http://semarc/subject/31631 650 4$aAlpinismo - Diari e memorie.$0(OLS)http://semarc/subject/13445 830 0$aEdificare ;$v3.$0(OLS)http://semarc/title/6723 850 $aSeMil 852 $aSeMil$W1$xVenegono$y1$m3F I 535$j120327$B120327$CSeMilBibl$Z2$F133758 $81 941 1 $a3 961 $aLascito: Colombo Card. Giovanni 996 $6020$a88-7610-148-9$9(OLS)http://semarc/number/156248 996 $6245$aE io possiederò l'infinito :$bframmenti di vita di un giovane degli anni '50$9(OLS)http://semarc/title/242206 996 $6264$aMilano :$bÀncora$9(OLS)http://semarc/publisher/29763 LEADER 02011nam a2200301 i 4500 001 000000338330 003 CaOOAMICUS 005 20210928142241.0 008 191203s2019 it u000 u ita u 013 $a231992 020 $a978-88-7105-428-5 040 $aSeMil$bita 245 00$aCoscienza, cultura, verità : $bomaggio alla teologia morale di Giuseppe Angelini /$cMaurizio Chiodi, Markus Krienke (ed.) 264 1$aMilano :$bGlossa,$c2019. 300 $aXXXVIII, 422 p. ;$c21 cm. 490 0 $aQuodlibet ;$v39 505 0 $aIl volume è un tributo di riconoscenza a un docente, uno studioso di teologia e un intellettuale, che appartiene al (ristretto) novero dei maestri di vita. La riflessione di Giuseppe Angelini è caratterizzata da una epoché critica, rispetto ai luoghi comuni, non solo del sapere filosofico e teologico tradizionale e "scolastico", ma anche - e soprattutto - rispetto alle forme diffuse della cultura moderna: una sospensione critica tesa a riscoprire l'evidenza morale che sta all'origine del soggetto, a partire dalle mediazioni culturali nelle quali si attesta quella verità, sempre religiosa, della quale soltanto egli può vivere. 600 14$aAngelini, Giuseppe .$0(OLS)http://semarc/subject/46805 650 04$aAngelini, Giuseppe - Teologia morale fondamentale.$0(OLS)http://semarc/subject/39929 700 1 $aChiodi, Maurizio,$d<1955- >.$0(OLS)http://semarc/name/13666 700 1 $aKrienke, Markus.$0(OLS)http://semarc/name/91666 830 0$aQuodlibet ;$v39.$0(OLS)http://semarc/title/173 850 $aSeMil 852 $aSeMil$W1$xVenegono$y1$m2KA N 39$j229288$B229583$CSeMilBibl$Z2$F229583 $81 996 $6020$a978-88-7105-428-5$9(OLS)http://semarc/number/289342 996 $6245$aCoscienza, cultura, verità : $bomaggio alla teologia morale di Giuseppe Angelini$9(OLS)http://semarc/title/427209 996 $6264$aMilano :$bGlossa$9(OLS)http://semarc/publisher/29635